000 00322 a2200157 4500
001 44625
020 _a
040 _cAnchieta - Aquarius
100 _aGouveia, Luis Augusto
240 1 0 _aCarolina
_lpor
245 1 0 _aCarolina
300 _a40
362 0 _a2005
650 4 _aLiteratura infanto-juvenil
942 _cBK
999 _c44625
_d44625